| 000 | 00998nam a2200289 a 4500 | ||
|---|---|---|---|
| 001 | 58827 | ||
| 003 | BD-RjUL | ||
| 005 | 20211209080648.0 | ||
| 008 | 161220s1991 nyu 001 0 eng d | ||
| 020 | _a0844816744 | ||
| 035 | _a(BD-RjUL) 58951 | ||
| 040 |
_aBD-RjUL _beng _cBD-RjUL _dBD-RjUL |
||
| 041 | _aeng | ||
| 082 |
_a551.46 _223 _bMAM 1991 |
||
| 100 | 1 |
_aMangone, Gerard J. _q(Gerard Joseph) _9174897 |
|
| 245 | 1 | 0 |
_aMangone's concise marine almanac / _cGerard J. Mangone |
| 250 | _a2nd rev. and expanded ed. | ||
| 260 |
_aNew York ; _aLondon : _bTaylor & Francis, _cc1991 |
||
| 300 |
_aviii, 199 p. ; _c24 cm |
||
| 504 | _aIncludes bibliographic references | ||
| 650 | 0 |
_aOceanography _xHandbooks, manuals, etc. _9174898 |
|
| 650 | 0 |
_aMarine resources _xHandbooks, manuals, etc. _9174899 |
|
| 650 | 0 |
_aNavies _xHandbooks, manuals, etc. _9174900 |
|
| 650 | 0 |
_aMerchant marine _xHandbooks, manuals, etc. _9174901 |
|
| 650 | 0 |
_aFisheries _xHandbooks, manuals, etc. _9174902 |
|
| 942 |
_2ddc _cBK |
||
| 999 |
_c58827 _d58827 |
||